000 00306nam a2200121Ia 4500
008 150731s2009 xx 000 0 und d
082 _a610
_bA 09 S
100 _aSHARMA, JAGDEESH PRASAD
245 _aAYURVED CHIKITSA SUTRA
260 _bCHAUKHAMBHA PUB. NEW DELHI
_c2009
300 _a373
942 _2ddc
_cBK
999 _c7918
_d7918